Entry Konu Terimi
001 - KONTROL NUMARASI
- Kontrol alanı: 73866
003 - KONTROL NUMARASI KİMLİĞİ
- Kontrol alanı: TR-BiSEU
005 - SON İŞLEM TARİHİ VE ZAMANI
- Kontrol alanı: 20260207003141.0
008 - SABİT UZUNLUKTAKİ VERİ ÖGELERİ - GENEL BİLGİ
- Sabit uzunlukta kontrol alanı: 260207|| aca||aabn | a|a d
040 ## - KATALOGLAMA KAYNAĞI
- Özgün kataloglama kurumu: TR-BiSEU
- Çeviri kurumu: TR-BiSEU
150 ## - KONU BAŞLIKLARI - KONU TERİMİ
- Konu terimi: Sufism--Turkey--Congresses
670 ## - BİLGİNİN KAYNAĞI
- Bilginin alındığı kaynak: KOHA: (TR-BiSEU)39662: Somuncu Baba ve Kültür Çevresi Uluslararası Sempozyumu (2011: Aksaray, Turkey). 73864, Somuncu Baba ve kültür çevresi uluslararası sempozyum bildiri kitabı :
